| 000 | 00972nam a22002417a 4500 | ||
|---|---|---|---|
| 005 | 20180305105323.0 | ||
| 010 | _a1617EN ENG-117180 | ||
| 020 |
_a9788175247888 _c1200.00 |
||
| 035 | _aB-652586-589 | ||
| 035 | _aB-667639 | ||
| 035 | _aEN-100712 | ||
| 037 | _bKKP | ||
| 037 | _bDBAD/PUB | ||
| 082 | _a796.069 | ||
| 100 | _aKamlesh, M.L. | ||
| 245 |
_aManagement concepts in Physical Education and sport: _bsecond revised and updated edition / _cby M.L.Kamlesh |
||
| 260 |
_aNew Delhi _bKhel Sahitya Kendra _c2016 |
||
| 270 |
_a7/26, Ansari Road, Darya Ganj _bNew Delhi _e110002 |
||
| 300 |
_ax,441p. _b27cm(HB) |
||
| 942 |
_2ddc _cEN _h796.069 _mKAM |
||
| 999 |
_c102595 _d102595 |
||